00227nam a2200097Ia 4500008004100000041001200041100001300053245005000066260000600116650000700122221030s9999 xx 000 0 und d aEnglish aN. Taher 0aGuerrilla Marketing Comes of Agecby N. Taher c0 aMb